000 00600nam a2200241Ia 4500
003 OSt
005 20220924152224.0
006 a|||||r|||| 00| 0
007 ta
008 220923b |||||||| |||| 00| 0 mar d
020 _c15.00
024 _a341627
037 _cTextual
040 _aARTS
_cARTS
_bmar
041 _2mar
_amar
082 _aO155,3NDA,1, L4
100 _aPagale Haribhua
_9226189
245 0 _aJhujhar
260 _c1974
650 _aMARATHI LITERATURE
_938000
942 _hO155,3NDA,1, L4
_cTEXL
_2CC
999 _c469180
_d469180